[Event "MCR_EM_CF11"]
[Site "?"]
[Date "2004.??.??"]
[Round "?"]
[White "Glembek, Bohumir"]
[Black "Hlavacek, Ladislav"]
[Result "1-0"]
[WhiteElo "2132"]
[BlackElo "2045"]
[PlyCount "57"]
[EventDate "2004.??.??"]
[EventType "corr"]
[EventRounds "2"]
[SourceDate "2005.03.12"]

1. d4 Nf6 2. c4 e6 3. Nc3 Bb4 4. e3 O-O 5. Bd3 d5 6. Nge2 c5 7. O-O Nc6 8. cxd5
exd5 9. a3 Bxc3 10. bxc3 c4 11. Bb1 Re8 12. Ng3 Qc7 13. Ra2 Qa5 14. Qc2 Kf8 15.
a4 Ne7 16. f3 Ng6 17. e4 dxe4 18. fxe4 Kg8 19. Rb2 Bd7 20. e5 Bxa4 21. Qf2 Nxe5
22. dxe5 Qxe5 23. Re2 Qd5 24. Rxe8+ Rxe8 25. Nf5 Qe5 26. Qh4 Qxc3 27. Bg5 Re6
28. Bxf6 Rxf6 29. Qg5 1-0

[Event "MCR_EM_CF11"]
[Site "?"]
[Date "2004.??.??"]
[Round "?"]
[White "Glembek, Bohumir"]
[Black "Hrubcik, Martin"]
[Result "0-1"]
[WhiteElo "2132"]
[BlackElo "2050"]
[PlyCount "70"]
[EventDate "2004.??.??"]
[EventType "corr"]
[EventRounds "2"]
[SourceDate "2005.03.12"]

1. d4 Nf6 2. c4 e6 3. Nc3 Bb4 4. e3 O-O 5. Bd3 c5 6. Nge2 cxd4 7. exd4 d5 8.
O-O Nc6 9. cxd5 Nxd5 10. Nxd5 exd5 11. Be3 Bd6 12. Nc3 Be6 13. Rc1 Rc8 14. a3
Qf6 15. f4 Rfe8 16. f5 Qh4 17. h3 Bd7 18. Nxd5 Rxe3 19. Nxe3 Qxd4 20. Qf3 Re8
21. Rc4 Qxe3+ 22. Qxe3 Rxe3 23. Bc2 Re7 24. b4 b5 25. Rc3 Be5 26. Rd3 Bd4+ 27.
Kh1 Kf8 28. Bb3 Bf6 29. Bd5 Ne5 30. Re3 Nc4 31. Rxe7 Kxe7 32. Rf2 Nxa3 33. Ra2
Nc4 34. Rxa7 Bd4 35. Rb7 Ne5 0-1

[Event "MCR_EM_CF11"]
[Site "?"]
[Date "2004.??.??"]
[Round "?"]
[White "Glembek, Bohumir"]
[Black "Majstr, Jiri"]
[Result "0-1"]
[WhiteElo "2132"]
[BlackElo "2006"]
[PlyCount "88"]
[EventDate "2004.??.??"]
[EventType "corr"]
[EventRounds "2"]
[SourceDate "2005.03.12"]

1. d4 Nf6 2. c4 e6 3. Nc3 d5 4. Bg5 c6 5. e3 Nbd7 6. Qc2 Qa5 7. cxd5 Nxd5 8. e4
Nb4 9. Qd2 Nc2+ 10. Qxc2 Qxg5 11. Nf3 Qh6 12. Qd2 Qxd2+ 13. Kxd2 f6 14. e5 Be7
15. Bd3 Kf7 16. Ne4 Rd8 17. Rac1 Nb6 18. a4 Nxa4 19. b3 Bb4+ 20. Ke2 Nb6 21. g3
Nd5 22. h4 h5 23. Rhg1 a5 24. Ra1 Bd7 25. Nfd2 b6 26. Rgc1 Ke7 27. Nc4 f5 28.
Ned6 b5 29. Ne3 Bxd6 30. exd6+ Kxd6 31. f4 Ra7 32. Kd2 Nf6 33. Rc5 Be8 34. Nc2
Rda8 35. Ra2 a4 36. b4 Rd8 37. Ra3 Ke7 38. Ke3 Rd5 39. Ra2 Rxc5 40. bxc5 Nd5+
41. Kd2 e5 42. dxe5 g6 43. Ra3 Ra8 44. Be2 b4 0-1

[Event "MCR_EM_CF11"]
[Site "?"]
[Date "2004.??.??"]
[Round "?"]
[White "Glembek, Bohumir"]
[Black "Omamik, Pavel"]
[Result "1-0"]
[WhiteElo "2132"]
[BlackElo "2000"]
[PlyCount "55"]
[EventDate "2004.??.??"]
[EventType "corr"]
[EventRounds "2"]
[SourceDate "2005.03.12"]

1. e4 c5 2. f4 Nc6 3. Nf3 e6 4. Bb5 Nge7 5. O-O a6 6. Be2 d5 7. d3 b5 8. Be3 d4
9. Bf2 Ng6 10. Bg3 Bd6 11. e5 Be7 12. a3 Bb7 13. Nbd2 h5 14. h4 Nxh4 15. Bxh4
Bxh4 16. Nxh4 Qxh4 17. Ne4 Qe7 18. Nd6+ Kf8 19. Bxh5 Nd8 20. Bf3 Rb8 21. Nxb7
Nxb7 22. g3 f5 23. Qd2 g5 24. g4 Rg8 25. gxf5 gxf4+ 26. Bg2 exf5 27. Qxf4 Rg5
28. Kf2 1-0

[Event "MCR_EM_CF11"]
[Site "?"]
[Date "2004.??.??"]
[Round "?"]
[White "Glembek, Bohumir"]
[Black "Stastny, Pavel"]
[Result "0-1"]
[WhiteElo "2132"]
[BlackElo "2000"]
[PlyCount "56"]
[EventDate "2004.??.??"]
[EventType "corr"]
[EventRounds "2"]
[SourceDate "2005.03.12"]

1. e4 c5 2. f4 g6 3. Nc3 Bg7 4. Nf3 Nc6 5. Bc4 e6 6. e5 d6 7. O-O Nge7 8. exd6
Nf5 9. Bb5 Qxd6 10. Ne4 Qc7 11. c3 O-O 12. a3 b6 13. d3 Bb7 14. Qe2 a6 15. Ba4
Nce7 16. Ne5 b5 17. Bc2 Nd5 18. Bd2 Rac8 19. Rac1 f6 20. Ng4 h5 21. Ne3 Nxf4
22. Qf2 Nd5 23. Nxd5 Bxd5 24. b4 c4 25. d4 a5 26. Nc5 axb4 27. axb4 Ra8 28.
Nxe6 Bxe6 0-1

[Event "MCR_EM_CF11"]
[Site "?"]
[Date "2004.??.??"]
[Round "?"]
[White "Glembek, Bohumir"]
[Black "Tkac, Leopold"]
[Result "0-1"]
[WhiteElo "2132"]
[BlackElo "2093"]
[PlyCount "76"]
[EventDate "2004.??.??"]
[EventType "corr"]
[EventRounds "2"]
[SourceDate "2005.03.12"]

1. d4 Nf6 2. c4 e6 3. Nc3 Bb4 4. e3 O-O 5. Bd3 d5 6. Nge2 dxc4 7. Bxc4 e5 8.
O-O Nc6 9. a3 exd4 10. axb4 dxc3 11. bxc3 Ne5 12. Bb3 Be6 13. Bxe6 fxe6 14. Qb3
Qd5 15. c4 Qxc4 16. Nd4 Qxb3 17. Nxb3 Nd3 18. b5 Ne4 19. f4 a6 20. Rd1 Rfd8 21.
Nd4 Ndc5 22. Ba3 axb5 23. Bxc5 Nxc5 24. Rxa8 Rxa8 25. Nxb5 c6 26. Nd4 Kf7 27.
h4 Ra2 28. Kf1 Kf6 29. Rc1 Ne4 30. Rc2 Rxc2 31. Nxc2 e5 32. Ke2 Kf5 33. Kd3
exf4 34. Nd4+ Ke5 35. Nf3+ Kd5 36. exf4 c5 37. Kc2 Ng3 38. Ng5 h5 0-1

[Event "MCR_EM_CF11"]
[Site "?"]
[Date "2004.??.??"]
[Round "?"]
[White "Glembek, Bohumir"]
[Black "Trs, Jan"]
[Result "1/2-1/2"]
[WhiteElo "2132"]
[BlackElo "2145"]
[PlyCount "47"]
[EventDate "2004.??.??"]
[EventType "corr"]
[EventRounds "2"]
[SourceDate "2005.03.12"]

1. d4 d5 2. c4 e6 3. Nc3 Nf6 4. Bg5 Be7 5. e3 O-O 6. Qc2 Nbd7 7. cxd5 exd5 8.
Bd3 c6 9. Nge2 Re8 10. O-O-O Qa5 11. Kb1 b5 12. Nc1 h6 13. Bf4 Nh5 14. Bg3 Nxg3
15. hxg3 Nf6 16. Rde1 Qb6 17. f3 Ba6 18. g4 Bd6 19. Qd2 Rad8 20. g5 hxg5 21.
N3e2 c5 22. dxc5 Qxc5 23. Rh3 Qb4 24. Nc3 1/2-1/2

[Event "MCR_EM_CF11"]
[Site "?"]
[Date "2004.??.??"]
[Round "?"]
[White "Hlavacek, Ladislav"]
[Black "Glembek, Bohumir"]
[Result "1-0"]
[WhiteElo "2045"]
[BlackElo "2132"]
[PlyCount "71"]
[EventDate "2004.??.??"]
[EventType "corr"]
[EventRounds "2"]
[SourceDate "2005.03.12"]

1. c4 g6 2. d4 Nf6 3. Nc3 d5 4. cxd5 Nxd5 5. e4 Nxc3 6. bxc3 Bg7 7. Bc4 c5 8.
Ne2 Nc6 9. Be3 O-O 10. O-O Qc7 11. Rc1 Rd8 12. Nf4 e6 13. d5 b6 14. Qc2 Na5 15.
Be2 e5 16. Nd3 Nc4 17. Bg5 f6 18. Nb2 Nd6 19. Be3 f5 20. f3 f4 21. Bf2 h6 22.
Nc4 Qe7 23. Nxd6 Qxd6 24. a4 Rb8 25. Rb1 Bf6 26. a5 Bd7 27. axb6 axb6 28. Bb5
Kh7 29. Bxd7 Rxd7 30. Qa4 Bd8 31. c4 Rg7 32. Rfd1 Bc7 33. Qa2 g5 34. Qe2 g4 35.
fxg4 Rxg4 36. Qxg4 1-0

[Event "MCR_EM_CF11"]
[Site "?"]
[Date "2004.??.??"]
[Round "?"]
[White "Hlavacek, Ladislav"]
[Black "Hrubcik, Martin"]
[Result "0-1"]
[WhiteElo "2045"]
[BlackElo "2050"]
[PlyCount "108"]
[EventDate "2004.??.??"]
[EventType "corr"]
[EventRounds "2"]
[SourceDate "2005.03.12"]

1. c4 c6 2. d4 d5 3. cxd5 cxd5 4. Bf4 Nf6 5. Nc3 Nc6 6. e3 Bf5 7. Qb3 Na5 8.
Bb5+ Bd7 9. Qa4 Nc6 10. Nf3 a6 11. Be2 Rc8 12. O-O Nh5 13. Nxd5 e6 14. Nc3 Nxf4
15. exf4 Qb6 16. Qd1 Bd6 17. d5 Ne7 18. Ne5 Bxe5 19. fxe5 O-O 20. d6 Nc6 21.
Na4 Qa7 22. Rc1 Nxe5 23. Nc3 Qb6 24. Qd2 Nc4 25. Bxc4 Rxc4 26. Rfd1 Rfc8 27.
Ne2 Rxc1 28. Rxc1 Rxc1+ 29. Nxc1 Bc6 30. b3 f6 31. Ne2 Bd5 32. Qf4 Kf7 33. Nc3
Qc6 34. Qg3 Be4 35. Qe3 Bg6 36. Qd4 e5 37. Qc4+ Qxc4 38. bxc4 b6 39. Na4 Ke6
40. c5 bxc5 41. Nxc5+ Kxd6 42. Nxa6 Bf7 43. a3 Kc6 44. Nb4+ Kb5 45. g3 Ka4 46.
f4 Kxa3 47. Nc6 Bd5 48. Ne7 Be6 49. Nc6 Bd7 50. Nd8 exf4 51. gxf4 Kb4 52. Nb7
Bc6 53. Nd6 g6 54. Kf2 Kc5 0-1

[Event "MCR_EM_CF11"]
[Site "?"]
[Date "2004.??.??"]
[Round "?"]
[White "Hlavacek, Ladislav"]
[Black "Majstr, Jiri"]
[Result "0-1"]
[WhiteElo "2045"]
[BlackElo "2006"]
[PlyCount "54"]
[EventDate "2004.??.??"]
[EventType "corr"]
[EventRounds "2"]
[SourceDate "2005.03.12"]

1. f4 d5 2. Nf3 g6 3. e3 Nf6 4. Be2 Bg7 5. O-O O-O 6. d4 c5 7. c3 h6 8. dxc5
Ne4 9. Nd4 Nxc5 10. Nd2 Nbd7 11. b4 Ne6 12. Nxe6 fxe6 13. Qb3 a5 14. Bb2 b5 15.
a4 bxa4 16. Qxa4 Qb6 17. Rf3 Ba6 18. c4 Bxb2 19. Rb1 Rxf4 20. bxa5 Qa7 21. Rxb2
Rxf3 22. gxf3 Qxe3+ 23. Kf1 Nc5 24. Qc2 Kh7 25. Rb1 Rf8 26. Rb6 Bxc4 27. Nxc4
dxc4 0-1

[Event "MCR_EM_CF11"]
[Site "?"]
[Date "2004.??.??"]
[Round "?"]
[White "Hlavacek, Ladislav"]
[Black "Omamik, Pavel"]
[Result "0-1"]
[WhiteElo "2045"]
[BlackElo "2000"]
[PlyCount "78"]
[EventDate "2004.??.??"]
[EventType "corr"]
[EventRounds "2"]
[SourceDate "2005.03.12"]

1. f4 d5 2. Nf3 g6 3. e3 Bg7 4. d4 Nf6 5. c4 c6 6. Nc3 O-O 7. Bd2 b6 8. Rc1 a5
9. cxd5 Nxd5 10. Nxd5 cxd5 11. Bb5 Bb7 12. O-O Na6 13. Qb3 Qd6 14. Ne5 f6 15.
Bc6 Rfb8 16. Bxb7 Rxb7 17. Rc6 Qd8 18. Nd3 a4 19. Qxa4 Nc5 20. Qb5 Nxd3 21.
Qxd3 Rxa2 22. Qb3 Ra8 23. Rfc1 f5 24. Be1 Bf6 25. Bd2 h6 26. Ba5 Rab8 27. Be1
Ra7 28. Bb4 Qd7 29. Ba3 b5 30. R1c5 Kg7 31. Bb4 Ra4 32. Rc7 Qe6 33. Rc1 Qe4 34.
Kh1 g5 35. fxg5 hxg5 36. R7c5 g4 37. Rxb5 Rh8 38. Kg1 Rc8 39. Bc5 Bg5 0-1

[Event "MCR_EM_CF11"]
[Site "?"]
[Date "2004.??.??"]
[Round "?"]
[White "Hlavacek, Ladislav"]
[Black "Stastny, Pavel"]
[Result "1/2-1/2"]
[WhiteElo "2045"]
[BlackElo "2000"]
[PlyCount "52"]
[EventDate "2004.??.??"]
[EventType "corr"]
[EventRounds "2"]
[SourceDate "2005.03.12"]

1. c4 e5 2. Nc3 Nf6 3. Nf3 Nc6 4. d4 exd4 5. Nxd4 Bb4 6. Bg5 h6 7. Nxc6 bxc6 8.
Bh4 O-O 9. e3 Qe7 10. Bd3 Bxc3+ 11. bxc3 Qe5 12. O-O Ne4 13. Bxe4 Qxe4 14. Qd4
d5 15. cxd5 cxd5 16. f3 Qe6 17. Rfe1 Qc6 18. Bg3 Ba6 19. a4 Bc4 20. a5 Rfe8 21.
Rab1 a6 22. Rb4 Rab8 23. e4 Rbd8 24. Bh4 Rd6 25. Bg3 Rdd8 26. Bh4 Rd6 1/2-1/2

[Event "MCR_EM_CF11"]
[Site "?"]
[Date "2004.??.??"]
[Round "?"]
[White "Hlavacek, Ladislav"]
[Black "Tkac, Leopold"]
[Result "1/2-1/2"]
[WhiteElo "2045"]
[BlackElo "2093"]
[PlyCount "83"]
[EventDate "2004.??.??"]
[EventType "corr"]
[EventRounds "2"]
[SourceDate "2005.03.12"]

1. d4 Nf6 2. Nf3 d5 3. e3 Bf5 4. Bd3 Bxd3 5. Qxd3 Nc6 6. O-O e6 7. Nbd2 Be7 8.
c3 Qd6 9. e4 dxe4 10. Nxe4 Nxe4 11. Qxe4 Qd5 12. Re1 Qxe4 13. Rxe4 h6 14. Bd2
O-O-O 15. b4 Bd6 16. a4 Ne7 17. c4 c6 18. b5 Rd7 19. Bc3 Rhd8 20. Ree1 Nf5 21.
bxc6 bxc6 22. Rab1 h5 23. h3 h4 24. Re4 Bc7 25. Kf1 a6 26. Ree1 Nxd4 27. Bxd4
Rxd4 28. Nxd4 Rxd4 29. Rbc1 Rd2 30. Re2 Rd3 31. Re3 Rd2 32. Rce1 Bd8 33. R3e2
Rd3 34. Ra2 Rd4 35. Rc1 e5 36. Re2 e4 37. Ree1 f5 38. Red1 c5 39. Ke2 g5 40.
Rc2 Ba5 41. Rf1 f4 42. f3 1/2-1/2

[Event "MCR_EM_CF11"]
[Site "?"]
[Date "2004.??.??"]
[Round "?"]
[White "Hlavacek, Ladislav"]
[Black "Trs, Jan"]
[Result "0-1"]
[WhiteElo "2045"]
[BlackElo "2145"]
[PlyCount "70"]
[EventDate "2004.??.??"]
[EventType "corr"]
[EventRounds "2"]
[SourceDate "2005.03.12"]

1. c4 e5 2. Nc3 Nc6 3. e3 Nf6 4. Nf3 Bb4 5. Be2 O-O 6. O-O Re8 7. d4 Bxc3 8.
bxc3 d6 9. Ba3 Bg4 10. h3 Bh5 11. Rb1 b6 12. Bb2 Qd7 13. Re1 Bxf3 14. Bxf3 e4
15. Be2 Qf5 16. Qa4 Ne7 17. Qa6 c5 18. a4 Qg5 19. Red1 Ng6 20. Qb7 Nh4 21. g3
Nf5 22. Kh2 Reb8 23. Qc6 h5 24. Bf1 Rc8 25. Qb7 Kf8 26. Bg2 Ne7 27. a5 Nc6 28.
axb6 a6 29. dxc5 Qxc5 30. Rd5 Nxd5 31. cxd5 Ne5 32. Bxe4 Qc4 33. Bf5 Rab8 34.
Qa7 Rd8 35. Bh7 g6 0-1

[Event "MCR_EM_CF11"]
[Site "?"]
[Date "2004.??.??"]
[Round "?"]
[White "Hrubcik, Martin"]
[Black "Glembek, Bohumir"]
[Result "1/2-1/2"]
[WhiteElo "2050"]
[BlackElo "2132"]
[PlyCount "50"]
[EventDate "2004.??.??"]
[EventType "corr"]
[EventRounds "2"]
[SourceDate "2005.03.12"]

1. e4 Nf6 2. e5 Nd5 3. c4 Nb6 4. d4 d6 5. f4 dxe5 6. fxe5 Nc6 7. Be3 Bf5 8. Nc3
e6 9. Nf3 Qd7 10. d5 exd5 11. cxd5 Nb4 12. Nd4 Bg6 13. d6 cxd6 14. Bb5 Nc6 15.
Qf3 a6 16. Bxc6 bxc6 17. e6 fxe6 18. Nxe6 Nc4 19. O-O Ne5 20. Qxf8+ Rxf8 21.
Rxf8+ Ke7 22. Rxa8 Qxe6 23. Ra7+ Ke8 24. Ra8+ Kf7 25. Ra7+ Ke8 1/2-1/2

[Event "MCR_EM_CF11"]
[Site "?"]
[Date "2004.??.??"]
[Round "?"]
[White "Hrubcik, Martin"]
[Black "Hlavacek, Ladislav"]
[Result "1/2-1/2"]
[WhiteElo "2050"]
[BlackElo "2045"]
[PlyCount "74"]
[EventDate "2004.??.??"]
[EventType "corr"]
[EventRounds "2"]
[SourceDate "2005.03.12"]

1. e4 e5 2. f4 exf4 3. Nf3 g5 4. Nc3 g4 5. Ne5 Qh4+ 6. g3 fxg3 7. Qxg4 Qxg4 8.
Nxg4 d6 9. Bh3 h5 10. Nf6+ Kd8 11. Bxc8 Kxc8 12. Ncd5 Nxf6 13. Nxf6 gxh2 14.
Rxh2 h4 15. d3 Nd7 16. Ng4 Bg7 17. Ke2 Ne5 18. Ne3 Kd7 19. c3 Rag8 20. d4 Ng6
21. Rf2 h3 22. Bd2 f6 23. Rh1 Rh4 24. Nf5 Rxe4+ 25. Kd3 Re6 26. Rxh3 Ne7 27. c4
Nxf5 28. Rxf5 Ree8 29. d5 Rh8 30. Rg3 Re7 31. Bc3 Rh6 32. Rgf3 Rf7 33. a4 a6
34. b4 Rg6 35. Bd4 Ke8 36. b5 Ke7 37. a5 Rg2 1/2-1/2

[Event "MCR_EM_CF11"]
[Site "?"]
[Date "2004.??.??"]
[Round "?"]
[White "Hrubcik, Martin"]
[Black "Majstr, Jiri"]
[Result "1-0"]
[WhiteElo "2050"]
[BlackElo "2006"]
[PlyCount "75"]
[EventDate "2004.??.??"]
[EventType "corr"]
[EventRounds "2"]
[SourceDate "2005.03.12"]

1. e4 c5 2. Nf3 d6 3. d4 cxd4 4. Nxd4 Nf6 5. Nc3 a6 6. Be3 Ng4 7. Bg5 h6 8. Bh4
g5 9. Bg3 Bg7 10. Be2 h5 11. Bxg4 Bxg4 12. f3 Be6 13. Qd2 Qa5 14. Bf2 Nc6 15.
Be3 Bc4 16. Nxc6 bxc6 17. Bd4 f6 18. a3 h4 19. Be3 O-O-O 20. Qd4 d5 21. Rd1 h3
22. g3 Rd7 23. Kf2 e5 24. Qc5 Qxc5 25. Bxc5 Rb7 26. Na4 a5 27. exd5 Bxd5 28. c4
Bf7 29. Nb6+ Kb8 30. b4 Re8 31. Rd6 axb4 32. axb4 Rc7 33. Nd7+ Kb7 34. Ra1 Ra8
35. Rxa8 Kxa8 36. Bb6 Kb7 37. Bxc7 Kxc7 38. c5 1-0

[Event "MCR_EM_CF11"]
[Site "?"]
[Date "2004.??.??"]
[Round "?"]
[White "Hrubcik, Martin"]
[Black "Omamik, Pavel"]
[Result "1/2-1/2"]
[WhiteElo "2050"]
[BlackElo "2000"]
[PlyCount "60"]
[EventDate "2004.??.??"]
[EventType "corr"]
[EventRounds "2"]
[SourceDate "2005.03.12"]

1. e4 c5 2. Nf3 Nc6 3. d4 cxd4 4. Nxd4 Nf6 5. Nc3 e5 6. Ndb5 d6 7. Nd5 Nxd5 8.
exd5 Nb8 9. Be3 a6 10. Na3 Be7 11. Nc4 Nd7 12. a4 O-O 13. a5 f5 14. Qf3 Qe8 15.
Bd2 Qg6 16. Be2 f4 17. Bd3 Qf7 18. h3 Nc5 19. Bb4 Nxd3+ 20. cxd3 Qf6 21. d4 e4
22. Qxe4 Bf5 23. Qxf4 Qg6 24. Qg3 Qxg3 25. fxg3 Be4 26. Ne3 Bg5 27. Ra3 Rae8
28. Rf1 Rxf1+ 29. Kxf1 Bxe3 30. Rxe3 Bxg2+ 1/2-1/2

[Event "MCR_EM_CF11"]
[Site "?"]
[Date "2004.??.??"]
[Round "?"]
[White "Hrubcik, Martin"]
[Black "Stastny, Pavel"]
[Result "1-0"]
[WhiteElo "2050"]
[BlackElo "2000"]
[PlyCount "51"]
[EventDate "2004.??.??"]
[EventType "corr"]
[EventRounds "2"]
[SourceDate "2005.03.12"]

1. e4 c5 2. Nf3 d6 3. d4 cxd4 4. Nxd4 Nf6 5. Nc3 a6 6. Be3 e6 7. Be2 Be7 8. f4
O-O 9. g4 d5 10. e5 Nfd7 11. Qd2 Bh4+ 12. Kf1 Be7 13. a3 Nc6 14. g5 Nxd4 15.
Bxd4 Bc5 16. h4 f6 17. exf6 gxf6 18. Rg1 Kh8 19. Bxc5 Nxc5 20. Rd1 Qc7 21. g6
Rg8 22. h5 Bd7 23. Qd4 Raf8 24. f5 hxg6 25. fxg6 Be8 26. Bf3 1-0

[Event "MCR_EM_CF11"]
[Site "?"]
[Date "2004.??.??"]
[Round "?"]
[White "Hrubcik, Martin"]
[Black "Tkac, Leopold"]
[Result "1/2-1/2"]
[WhiteElo "2050"]
[BlackElo "2093"]
[PlyCount "85"]
[EventDate "2004.??.??"]
[EventType "corr"]
[EventRounds "2"]
[SourceDate "2005.03.12"]

1. e4 e5 2. f4 exf4 3. Nf3 g5 4. Nc3 g4 5. Ne5 Qh4+ 6. g3 fxg3 7. Qxg4 g2+ 8.
Qxh4 gxh1=Q 9. Qh5 Nh6 10. d3 d6 11. Nd5 dxe5 12. Qxe5+ Be6 13. Nxc7+ Kd7 14.
Nxe6 fxe6 15. Qxh8 Nc6 16. Qxh7+ Ne7 17. Bg5 Qxh2 18. O-O-O Qg3 19. Bd2 Ng4 20.
Qh5 Rc8 21. d4 Ne3 22. Bb5+ Kd6 23. Be1 Qf4 24. Bd2 Qxe4 25. Qh2+ e5 26. dxe5+
Kc7 27. Bd3 Qd4 28. Re1 N7d5 29. Qh7+ Kb8 30. Qe4 Bc5 31. Qxd4 Bxd4 32. c3 Bxe5
33. Rxe3 Nxe3 34. Bxe3 Rh8 35. Bb5 Rh2 36. Bd3 b6 37. Ba6 Kc7 38. Bb5 Rh4 39.
Kc2 Bf4 40. Bd4 Rh2+ 41. Kb3 Kd6 42. a3 Bc1 43. c4 1/2-1/2

[Event "MCR_EM_CF11"]
[Site "?"]
[Date "2004.??.??"]
[Round "?"]
[White "Hrubcik, Martin"]
[Black "Trs, Jan"]
[Result "1/2-1/2"]
[WhiteElo "2050"]
[BlackElo "2145"]
[PlyCount "75"]
[EventDate "2004.??.??"]
[EventType "corr"]
[EventRounds "2"]
[SourceDate "2005.03.12"]

1. e4 c6 2. d4 d5 3. Nd2 dxe4 4. Nxe4 Nd7 5. Ng5 Ngf6 6. Bd3 e6 7. N1f3 Bd6 8.
c3 h6 9. Ne4 Nxe4 10. Bxe4 O-O 11. O-O e5 12. Bc2 Re8 13. Re1 exd4 14. Rxe8+
Qxe8 15. Qxd4 Qe7 16. Bf4 Bxf4 17. Qxf4 Nf8 18. Re1 Be6 19. Nd4 Rd8 20. h3 Qd6
21. Nxe6 Nxe6 22. Qf5 Nf8 23. Bb3 Rd7 24. Re8 g6 25. Qe4 Kg7 26. Qe3 b6 27. Ba4
b5 28. Bb3 Nh7 29. Re4 Nf6 30. Rd4 Qc5 31. Rxd7 Nxd7 32. Qe8 Ne5 33. Qd8 a5 34.
a4 Nc4 35. Bxc4 Qxc4 36. axb5 Qxb5 37. Qd4+ Kg8 38. Qd8+ 1/2-1/2

[Event "MCR_EM_CF11"]
[Site "?"]
[Date "2004.??.??"]
[Round "?"]
[White "Majstr, Jiri"]
[Black "Glembek, Bohumir"]
[Result "1/2-1/2"]
[WhiteElo "2006"]
[BlackElo "2132"]
[PlyCount "63"]
[EventDate "2004.??.??"]
[EventType "corr"]
[EventRounds "2"]
[SourceDate "2005.03.12"]

1. e4 Nf6 2. e5 Nd5 3. d4 d6 4. Nf3 Bg4 5. c4 Nb6 6. h3 Bxf3 7. Qxf3 Nc6 8. Be3
dxe5 9. dxe5 e6 10. Nc3 Nd7 11. O-O-O Qe7 12. Qe2 Qb4 13. f4 O-O-O 14. Kb1 Be7
15. Qc2 g5 16. a3 Qa5 17. g3 gxf4 18. gxf4 Bc5 19. Bf2 f6 20. Bh4 Nd4 21. Qe4
Qb6 22. Bg2 c6 23. Bf2 f5 24. Qd3 Rhg8 25. Bf1 Qb3 26. Bxd4 Bxd4 27. Qxd4 Nb6
28. Nd5 exd5 29. c5 Nc4 30. Bd3 Nxa3+ 31. Kc1 Rg2 32. Bxf5+ 1/2-1/2

[Event "MCR_EM_CF11"]
[Site "?"]
[Date "2004.??.??"]
[Round "?"]
[White "Majstr, Jiri"]
[Black "Hlavacek, Ladislav"]
[Result "0-1"]
[WhiteElo "2006"]
[BlackElo "2045"]
[PlyCount "52"]
[EventDate "2004.??.??"]
[EventType "corr"]
[EventRounds "2"]
[SourceDate "2005.03.12"]

1. e4 c5 2. c3 Nc6 3. d4 cxd4 4. cxd4 d5 5. e5 Bf5 6. Nc3 e6 7. Bg5 Qxg5 8. Nf3
Qd8 9. Bb5 Bb4 10. Bxc6+ bxc6 11. O-O Bxc3 12. bxc3 Ne7 13. Qa4 Qd7 14. Nh4 c5
15. Qa6 Rc8 16. Nxf5 Nxf5 17. g4 Nh4 18. Rab1 O-O 19. f4 cxd4 20. cxd4 Rc4 21.
Rbd1 Rfc8 22. Kh1 Qa4 23. Qxa4 Rxa4 24. Rd2 h5 25. gxh5 Nf5 26. Rfd1 Kh7 0-1

[Event "MCR_EM_CF11"]
[Site "?"]
[Date "2004.??.??"]
[Round "?"]
[White "Majstr, Jiri"]
[Black "Hrubcik, Martin"]
[Result "1/2-1/2"]
[WhiteElo "2006"]
[BlackElo "2050"]
[PlyCount "56"]
[EventDate "2004.??.??"]
[EventType "corr"]
[EventRounds "2"]
[SourceDate "2005.03.12"]

1. d4 Nf6 2. c4 e6 3. Nf3 b6 4. e3 Bb7 5. Bd3 d5 6. cxd5 Nxd5 7. e4 Nb4 8. Bb5+
c6 9. Bc4 c5 10. a3 N4a6 11. Bb5+ Nd7 12. Ne5 Nab8 13. Qh5 g6 14. Nxg6 fxg6 15.
Qe5 Qh4 16. Qxh8 Qxe4+ 17. Be3 Qxg2 18. Rf1 Qxh2 19. Qg8 Qh3 20. Nc3 cxd4 21.
Bxd4 Nc6 22. O-O-O O-O-O 23. Qf7 a6 24. Bxc6 Bxc6 25. Rfe1 Qf5 26. Qxh7 Bd6 27.
Rd2 Nc5 28. Bxc5 bxc5 1/2-1/2

[Event "MCR_EM_CF11"]
[Site "?"]
[Date "2004.??.??"]
[Round "?"]
[White "Majstr, Jiri"]
[Black "Omamik, Pavel"]
[Result "1/2-1/2"]
[WhiteElo "2006"]
[BlackElo "2000"]
[PlyCount "65"]
[EventDate "2004.??.??"]
[EventType "corr"]
[EventRounds "2"]
[SourceDate "2005.03.12"]

1. d4 Nf6 2. c4 g6 3. Nc3 Bg7 4. e4 d6 5. Nf3 O-O 6. Be2 e5 7. dxe5 dxe5 8.
Qxd8 Rxd8 9. Bg5 c6 10. Nxe5 Re8 11. O-O-O Na6 12. Rd6 Nh5 13. Nd3 Bf8 14. Rd4
Ng7 15. Rd8 Rxd8 16. Bxd8 Be6 17. Bf6 Bxc4 18. Rd1 Ne6 19. b3 Bxd3 20. Bxd3
Nac5 21. Bc4 a5 22. e5 b5 23. Bxe6 fxe6 24. f3 Kf7 25. h4 h6 26. Ne2 Ra7 27. g4
Rd7 28. Kc2 Rd5 29. Rxd5 cxd5 30. Nd4 b4 31. Nc6 Ke8 32. g5 h5 33. Nd4 1/2-1/2

[Event "MCR_EM_CF11"]
[Site "?"]
[Date "2004.??.??"]
[Round "?"]
[White "Majstr, Jiri"]
[Black "Stastny, Pavel"]
[Result "1/2-1/2"]
[WhiteElo "2006"]
[BlackElo "2000"]
[PlyCount "136"]
[EventDate "2004.??.??"]
[EventType "corr"]
[EventRounds "2"]
[SourceDate "2005.03.12"]

1. d4 Nf6 2. c4 e6 3. Nf3 b6 4. e3 Bb7 5. Bd3 d5 6. cxd5 exd5 7. Nc3 Bd6 8.
Qa4+ Nc6 9. Bb5 Qd7 10. Ne5 Bxe5 11. dxe5 Ne4 12. Nxe4 dxe4 13. Qxe4 O-O-O 14.
O-O Qe6 15. Qa4 Nxe5 16. e4 Nd3 17. f3 Qe5 18. Bxd3 Rxd3 19. Qc4 Rd7 20. Rb1 f5
21. exf5 Qxf5 22. Be3 Rhd8 23. Rbc1 Bd5 24. Qa4 Kb7 25. b4 Re7 26. Rc3 Rde8 27.
Bf2 Qf4 28. Rd1 c6 29. Bg3 Qf6 30. Ra3 Ka8 31. b5 Rd7 32. Qc2 c5 33. Rad3 Red8
34. a4 h5 35. a5 h4 36. Bf2 Kb8 37. Be3 Qf5 38. Qa4 g5 39. axb6 axb6 40. Qa1
Re8 41. h3 Re5 42. Ra3 Qe6 43. Bf2 Re2 44. Ra6 Kc8 45. Rc1 Ra2 46. Qh8+ Rd8 47.
Qg7 Qe2 48. Rxa2 Bxa2 49. Qxg5 Rd1+ 50. Rxd1 Qxd1+ 51. Kh2 Qd6+ 52. f4 Bc4 53.
Qf5+ Kc7 54. Qh7+ Kc8 55. Qxh4 Bxb5 56. Be3 Bc6 57. g4 Qd5 58. Qf2 c4 59. Bxb6
c3 60. Bd4 Qh1+ 61. Kg3 Qd1 62. Bxc3 Qd3+ 63. Kh4 Qxc3 64. g5 Bd7 65. f5 Qd4+
66. Kg3 Qe5+ 67. Qf4 Qe1+ 68. Qf2 Qe5+ 1/2-1/2

[Event "MCR_EM_CF11"]
[Site "?"]
[Date "2004.??.??"]
[Round "?"]
[White "Majstr, Jiri"]
[Black "Tkac, Leopold"]
[Result "0-1"]
[WhiteElo "2006"]
[BlackElo "2093"]
[PlyCount "78"]
[EventDate "2004.??.??"]
[EventType "corr"]
[EventRounds "2"]
[SourceDate "2005.03.12"]

1. e4 c5 2. Nf3 Nc6 3. d4 cxd4 4. Nxd4 Nf6 5. Nc3 e5 6. Ndb5 d6 7. Bg5 a6 8.
Na3 Be7 9. Bxf6 Bxf6 10. Nc4 O-O 11. Qxd6 Be6 12. Nd5 Bxd5 13. Qxd5 Qe8 14. Qd2
Rd8 15. Bd3 Qe6 16. c3 b5 17. Ne3 Bg5 18. Qe2 Bxe3 19. Qxe3 Rd7 20. O-O Rfd8
21. Rfd1 h6 22. b4 Ne7 23. Qf3 Ng6 24. g3 Nf8 25. Be2 Rxd1+ 26. Bxd1 Nh7 27.
Bb3 Ng5 28. Qe3 Qg4 29. Bd5 Rd6 30. a4 bxa4 31. Kh1 Rf6 32. c4 Qh3 33. f4 exf4
34. Qf2 fxg3 35. Qg2 Qg4 36. e5 Qd4 37. Re1 Rf2 38. Qxg3 a3 39. h4 Ne6 0-1